| 000 | 00377nam a2200145 a 4500 | ||
|---|---|---|---|
| 005 | 20140412111313.0 | ||
| 008 | 111028s19uu xx 00 eng d | ||
| 020 | _a0-689-71409-2 | ||
| 050 |
_aTR(PS E _bTh34 1986 |
||
| 100 | _aHowe, James | ||
| 245 |
_aTher's a monster under my bed / _cJames Howe. |
||
| 260 |
_aU.S.A : _bAladdin, _c1986. |
||
| 300 | _aunp. | ||
| 999 |
_c104115 _d104115 |
||